Đang tải...

Black Water White Fire

Chi tiết về thư mục
Tác giả chính: Jaspreet Taunque
Được phát hành: Kalpaz Publications 2014
LEADER 00191 a2200085 4500
100 |a Jaspreet Taunque 
245 |a Black Water White Fire 
260 |c 2014  |b Kalpaz Publications 
942 |c BK  |6 _ 
999 |c 70614  |d 70614